Differential systems /
Guardado en:
| Autor Principal: | |
|---|---|
| Formato: | Libro |
| Idioma: | English |
| Publicado: |
New York, N.Y. :
American Mathematical Society,
1937.
|
| Series: | Colloquium publications (American Mathematical Society) ;
v. 21. |
| Materias: | |
| Etiquetas: |
Agregar Etiqueta
Sin Etiquetas, Sea el primero en etiquetar este registro!
|
| LEADER | 00829cam a22002291a 4500 | ||
|---|---|---|---|
| 001 | MAT.inmabb006114 | ||
| 008 | 730521s1937####nyu######b####000#0#eng## | ||
| 005 | 20170504112334.0 | ||
| 245 | 1 | 0 | |a Differential systems / |c by Joseph Miller Thomas ... |
| 260 | |a New York, N.Y. : |b American Mathematical Society, |c 1937. | ||
| 300 | |a ix, 118 p., 1 h. ; |c 26 cm. | ||
| 490 | 1 | |a American Mathematical Society. Colloquium publications, vol. XXI | |
| 504 | |a Bibliografía: p. 114. | ||
| 510 | 4 | |a MR, |c *REVIEW #* | |
| 100 | 1 | |a Thomas, Joseph Miller, |d 1898- | |
| 830 | 0 | |a Colloquium publications (American Mathematical Society) ; |v v. 21. | |
| 650 | 0 | |a Differential equations, Partial. | |
| 650 | 0 | |a Pfaffian problem. | |
| 084 | |a *CODIGO* |2 MR | ||
| 010 | |a 37011417 | ||
| 040 | |a DLC |c OClU |d OCoLC |d DLC | ||
| 859 | |h 35 |i T454 |p A-5408 |b BIB. MATEMATICA | ||
